00391nam a2200145Ia 4500008004100000020001500041041001200056100001600068245008000084250000800164260003300172300000800205650001500213700001700228221030s9999 xx 000 0 und d a8126528141 aEnglish aE. J. Elton 0aModern Portfolio Theory & Investment Analysiscby E. J. Elton, M. J. Gruber a8th bWilley Pub.aNew Delhic2015 a727 aManagement aM. J. Gruber